00354nam a22001337a 450000500170000001000130001702000260003003500170005603700170007308200140009024500410010426000460014530000290019120150408164817.0 aBAC-EN21 a9788175349346c250.00 aB-591850-873 bUBH/Venadpl a346.54016 aUniversal's marriage & divorce laws/ aNew DelhibUniversal Law Publishingc2014 axxvi, 263p.c24cm. (pbk)